|
|
|
|
| LEADER |
00911nam a2200241 a 4500 |
| 001 |
1932673 |
| 008 |
110411s1986 nyua b 001 0 eng d |
| 010 |
|
|
|a 86009389
|
| 020 |
|
|
|a 0275921476 (alk. paper)
|
| 040 |
|
|
|a DLC
|c DLC
|d DLC
|d BD-DhAAL.
|
| 082 |
0 |
0 |
|a 658.4/06
|2 19
|
| 100 |
1 |
|
|a Levy, Amir.
|
| 245 |
1 |
0 |
|a Organizational transformation :
|b approaches, strategies, theories /
|c Amir Levy, Uri Merry.
|
| 260 |
|
|
|a New York :
|b Praeger,
|c c1986.
|
| 300 |
|
|
|a xii, 335 p. :
|b ill. ;
|c 25 cm.
|
| 504 |
|
|
|a Bibliography: p. 309-331.
|
| 500 |
|
|
|a Includes index.
|
| 541 |
|
|
|e 00003647
|
| 650 |
|
0 |
|a Organizational change.
|
| 700 |
1 |
|
|a Merry, Uri.
|
| 852 |
4 |
|
|a Ayesha Abed Library
|j General shelf
|
| 999 |
|
|
|c 10775
|d 10775
|
| 952 |
|
|
|0 0
|1 0
|2 ddc
|4 0
|6 658_406000000000000_LEV
|7 0
|9 16225
|a BRACUL
|b BRACUL
|c GEN
|d 2011-04-27
|g 0.00
|l 2
|m 4
|o 658.406 LEV
|p 3010003647
|r 2011-10-31
|s 2011-10-10
|t 1
|w 2011-04-27
|y BK
|z Not price in Register
|